000 00611nam a22002297a 4500
999 _c385452
_d385452
001 99341
003 UA-OsUOA
005 20200111150126.0
007 ta
008 20130426b un ||||| |||| 00| 0 ukr d
040 _aUA-OsUOA
_brus
_cUA-OsUOA
_dUA-OsUOA
041 _arus
080 _a821.161.1
090 _a821.161.1
_bС32
100 _aСерафимович А.
245 _aЖелезный поток
260 _aМ.
_bСоветска Россия
_c1977
300 _a184 с.
650 7 _a82 Література. Літературознавство
_2UDC
942 _cBK
_2udc
955 _a3